000 00499nam a2200181Ia 4500
999 _c29233
_d29233
003 OSt
005 20210107094337.0
008 190216s9999||||xx |||||||||||||| ||und||
020 _a9788126414710
040 _coclc
082 _a894.812301
_bVIJ/A
100 _aVijayan, O V
_91775
245 0 _aArakshithavastha /
_cO V Vijayan
260 _bDc Books,
_aKottayam:
_c2007.
300 _a60p
650 _aKathakal
942 _cBK
_2ddc
_h894.812301
_iVIJ/A
_k894.812301
_mVIJ/A